Movies by Unknown Taglines #1 - Statistics

General Stats
  • This quiz has been taken 27 times
  • The average score is 3 of 15
Answer Stats
Unknown Tagline Known Movie % Correct
They Took His Daughter. He'll Take Their Lives. Taken
90%
Your Mind is the Scence of the Crime. Inception
48%
Heroes Aren't Born. They're Built. Iron Man
48%
Choose Wisely. Aladdin
24%
Only One Will Claim the Night. Batman
24%
Whoever Saves One Life, Saves the World Entire. Schindler's List
19%
Enter the World. Avatar
14%
How Would You Handle the Most Awesome Responsibility in the Universe? Bruce Almighty
14%
Own Your Story. Little Women
10%
Beyond Fear, Destiny Awaits. Dune
5%
A Little Magic Goes A Long Way. Matilda
5%
It's Nothing Personal. Terminator 2: Judgement Day
5%
The Impossible Comes True. The Greatest Showman
5%
A New Power is Rising. The Lord of the Rings: The Two Towers
5%
Radiance That Floods the Screen... And Warms the Heart. The Sound of Music
5%
No matching quizzes found
Score Distribution
Percent of People with Each Score
Percentile by Number Answered
Your Score History
You have not taken this quiz